000 00555nam a22001817a 4500
003 AR-RoUNCS
005 20250926160353.0
008 250926t1998 fr |||||r|||| 001 0 fre d
020 _a2-03-401753-6
040 _cAR-RoUNCS
080 _0(038)=133.1
100 1 _aGarcía-Pelayo y Gross, Ramón,
_eautor
245 1 0 _aDictionnaire :
_bfrançais-espagnol = español-francés /
_cpar Ramón García-Pelayo y Gross.
260 _aLarousse :
_bParis,
_cc1998.
300 _a461 p. ;
_b15 cm.
650 4 _aFRANCÉS
_xESPAÑOL
_vDICCIONARIOS
942 _2udc
_cOG
_n0
999 _c624
_d624